Kvantové logiky a teória pravdepodobnosti : Obhaj. 7. 11. 2000
Salvato in:
| Autore principale: | |
|---|---|
| Natura: | Manoscritto Libro |
| Lingua: | slovacco |
| Pubblicazione: |
Bratislava :
STU v Bratislave FEI,
2000
|
| Soggetti: | |
| Tags: |
Nessun Tag, puoi essere il primo ad aggiungerne!!
|
MARC
| LEADER | 00000ntm a22000003a 4500 | ||
|---|---|---|---|
| 001 | stu57373 | ||
| 005 | 20150617225653.4 | ||
| 008 | 010315s2000------------------------slo-d | ||
| 040 | |a STU |b slo | ||
| 041 | 0 | |a slo | |
| 080 | |a 519.716 |7 stu_us_auth*stu6961 | ||
| 080 | |a 519.21 | ||
| 100 | 1 | |a Nánásiová, Oľga, |d 1955- |4 aut |u V220 |U SvF Stavebná fakulta |T SvF Katedra matematiky a deskriptívnej geometrie |X 733 |U V220 |Y 23 |7 A000000733 | |
| 245 | 1 | |a Kvantové logiky a teória pravdepodobnosti : |b Obhaj. 7. 11. 2000 | |
| 260 | |a Bratislava : |b STU v Bratislave FEI, |c 2000 | ||
| 300 | |a 69 s | ||
| 650 | 7 | |a kvantová logika |2 stusub | |
| 650 | 7 | |a teória pravdepodobnosti |2 stusub | |
| 996 | |b 284ED00038 |c E*HABIL-180 |l EE01 |s A |a 24 |w stu57373_0001 | ||